Score 0/20 Timer 02:00
0 Plays Today
TV Show Missing Word % Correct
The ___ is RightPrice
95.8%
___ and RecreationParks
87.5%
It's Always Sunny in ___Philadelphia
83.8%
Monty ___ Flying CircusPython's
83.5%
___ and the BrainPinky
81.4%
Josie and the ___Pussycats
79.8%
___ of FiveParty
79.1%
Twin ___Peaks
77.8%
___ SuspectPrime
77.6%
___ DaisiesPushing
75.2%
TV Show Missing Word % Correct
___ BrewsterPunky
72.5%
Pee Wee's ___Playhouse
72.5%
The ___ CourtPeople's
67.3%
___ FencesPicket
65.7%
The $25,000 ___Pyramid
63.2%
The Adventures of ___ & PetePete
56%
Alfred Hitchcock ___Presents
52%
Archie Bunker's ___Place
47%
___ JunctionPetticoat
46.6%
Nanny and the ___Professor
25.6%

Today's Daily Dose

Quick Pick
Colorful Movies

Get the Picture
Dog Breeds II

Remove Ads.
Support Sporcle.
Get the best of Sporcle when you Go Orange. This ad-free experience offers more features, more stats, and more fun while also helping to support Sporcle. Thank you for becoming a member.

You're not logged in!

Compare scores with friends on all Sporcle quizzes.
OR
Log In

Show Comments

Extras

Top Quizzes Today


Score Distribution

Your Account Isn't Verified!

In order to create a playlist on Sporcle, you need to verify the email address you used during registration. Go to your Sporcle Settings to finish the process.

Report this User

Report this user for behavior that violates our Community Guidelines.

Details: